| 000 | 00644nam a2200217 a 4500 | ||
|---|---|---|---|
| 005 | 20240925064311.0 | ||
| 008 | 991125s1979 mad 000 0 spa u | ||
| 020 | _a8427702418 | ||
| 035 | _aUPN01000056699 | ||
| 049 | _aCG | ||
| 050 | 4 |
_aBF721 _bL4.88 1979 |
|
| 100 | 1 |
_aLeif, Joseph Jacques _928981 |
|
| 245 | 1 | 0 |
_aTextos de psicología del niño y del adolescente / _cJoseph Leif, Paul Juif ; tr. Carlos Puerto. |
| 260 |
_aMadrid : _bNarcea, _c1979. |
||
| 300 | _a494 p. | ||
| 440 | 0 |
_aEducación hoy. _pEstudios |
|
| 650 | 4 |
_aAdolescencia _91008 |
|
| 650 | 4 |
_aNiño, Estudio del _9221 |
|
| 700 | 1 |
_aJuif, Paul, _ecoaut. |
|
| 905 | _aLibro | ||
| 999 |
_c56699 _d56699 |
||